[Event "European Rapid 2015"]
[Site "Minsk BLR"]
[Date "2015.12.19"]
[Round "1.8"]
[White "Poliakov, Artem"]
[Black "Navara, David"]
[Result "0-1"]
[BlackTitle "GM"]
[WhiteElo "2056"]
[BlackElo "2730"]
[WhiteFideId "24198536"]
[BlackFideId "309095"]
[EventDate "2015.12.19"]

1. d4 Nf6 2. c4 e6 3. Nc3 Bb4 4. e3 O-O 5. Ne2 d5 6. a3 Be7 7. Nf4 c6 8. cxd5
exd5 9. Bd3 Re8 10. O-O Bd6 11. Qc2 Nbd7 12. Bd2 Nf8 13. h3 Bd7 14. b4 Ng6 15.
Nxg6 hxg6 16. Rae1 Rc8 17. e4 dxe4 18. Nxe4 Bb8 19. Ng5 Qc7 20. Nf3 Be6 21. Bc4
Bxc4 22. Qxc4 Qd6 23. g3 Qd7 24. Ne5 Bxe5 25. dxe5 Qxd2 26. Rd1 Qb2 27. exf6
Qxf6 28. Rd7 Re7 29. Rfd1 Rce8 30. Kg2 g5 31. R1d6 Qe5 32. Qd3 g6 33. Rxe7 Rxe7
34. Rd8+ Kg7 35. Ra8 a6 36. Qd8 Kf6 37. Qh8+ Kf5 38. Qc8+ Qe6 39. Qb8 Qd5+ 40.
Kh2 Ke4 41. Qf8 Qe5 42. Kg2 Kd3 43. Rd8+ Ke2 44. Qh8 f6 45. Qg8 Qe4+ 46. Kg1 Re6
47. Qf8 Qb1+ 48. Kg2 Qf1+ 49. Kh2 Kf3 50. Rd3+ Qxd3 51. Qc5 Re1 0-1

[Event "European Rapid 2015"]
[Site "Minsk BLR"]
[Date "2015.12.19"]
[Round "1.11"]
[White "Savchenko, Boris"]
[Black "Babanin, Gleb"]
[Result "1-0"]
[WhiteTitle "GM"]
[WhiteElo "2612"]
[BlackElo "1907"]
[WhiteFideId "4147332"]
[BlackFideId "34152536"]
[EventDate "2015.12.19"]

1. e4 c5 2. Nf3 d6 3. d4 cxd4 4. Nxd4 Nf6 5. Nc3 a6 6. Bg5 e6 7. f4 h6 8. Bh4
Be7 9. Qf3 Nbd7 10. O-O-O g5 11. fxg5 hxg5 12. Bxg5 Ne5 13. Qe2 Nxe4 14. Bxe7
Nxc3 15. Bxd8 Nxe2+ 16. Nxe2 Kxd8 17. Rxd6+ Kc7 18. Rd4 b5 19. Nc3 Bb7 20. a4
bxa4 21. Rxa4 f5 22. h4 Rhg8 23. h5 Bxg2 24. Bxg2 Rxg2 25. h6 Nf7 26. h7 Kb6 27.
Rd4 Kc6 28. Rhd1 Rh8 29. Rc4+ Kb6 30. Na4+ 1-0

[Event "European Rapid 2015"]
[Site "Minsk BLR"]
[Date "2015.12.19"]
[Round "1.15"]
[White "Bocharov, Dmitry"]
[Black "Svidersky, Nikita"]
[Result "1-0"]
[WhiteTitle "GM"]
[WhiteElo "2558"]
[BlackElo "1922"]
[WhiteFideId "4138716"]
[BlackFideId "13513133"]
[EventDate "2015.12.19"]

1. d4 d5 2. c4 Nc6 3. Nf3 e5 4. dxe5 d4 5. a3 Bg4 6. Nbd2 Nge7 7. h3 Bxf3 8.
Nxf3 Ng6 9. e6 fxe6 10. g3 Be7 11. Bg2 O-O 12. O-O e5 13. Qd3 Qd7 14. b4 Bf6 15.
Nd2 Rad8 16. Ne4 b6 17. Bd2 Nce7 18. c5 Kh8 19. Rac1 Nd5 20. Rc2 Be7 21. Rfc1
Rc8 22. Qb3 h6 23. cxb6 axb6 24. Rc6 Nf6 25. Qd3 Nxe4 26. Qxe4 Nf4 27. gxf4 Bh4
28. Qxe5 Bf6 29. Qe6 Qd8 30. Be4 Re8 31. Qf5 Kg8 32. Qh7+ Kf8 33. b5 Qd7 34.
Bb4+ Re7 35. Rxf6+ gxf6 36. Bg6 1-0

[Event "European Rapid 2015"]
[Site "Minsk BLR"]
[Date "2015.12.19"]
[Round "1.17"]
[White "Roiz, Michael"]
[Black "Stsepkina, Katsiaryna"]
[Result "1-0"]
[WhiteTitle "GM"]
[WhiteElo "2594"]
[BlackElo "1956"]
[WhiteFideId "2804158"]
[BlackFideId "13507575"]
[EventDate "2015.12.19"]

1. d4 d5 2. c4 e6 3. Nf3 Nf6 4. g3 c6 5. Bg2 Bd6 6. Nc3 O-O 7. O-O Nbd7 8. Nd2
Bc7 9. e4 dxe4 10. Ndxe4 Nxe4 11. Nxe4 f5 12. Nc3 Nf6 13. Re1 Rb8 14. b3 Rf7 15.
Bb2 Rd7 16. d5 cxd5 17. cxd5 e5 18. Nb5 e4 19. Nxc7 Qxc7 20. Bxf6 gxf6 21. Qh5
Qe5 22. Rad1 b6 23. f4 Qc3 24. Qxf5 Re7 25. Qh5 e3 26. d6 Rd7 27. Qe8+ Kg7 28.
Qxe3 Qc2 29. Rd2 Qf5 30. Qd3 1-0

[Event "European Rapid 2015"]
[Site "Minsk BLR"]
[Date "2015.12.19"]
[Round "1.18"]
[White "Tsaruk, Maksim"]
[Black "Kovalev, Vladislav"]
[Result "0-1"]
[BlackTitle "GM"]
[WhiteElo "1953"]
[BlackElo "2546"]
[WhiteFideId "13511173"]
[BlackFideId "13504398"]
[EventDate "2015.12.19"]

1. e4 e5 2. Nf3 Nc6 3. Bb5 a6 4. Ba4 Nf6 5. O-O Be7 6. Re1 b5 7. Bb3 d6 8. c3
O-O 9. h3 Nd7 10. d4 Bf6 11. d5 Ne7 12. Nbd2 Ng6 13. Nf1 Nf4 14. N1h2 g6 15.
Bxf4 exf4 16. Nd4 Ne5 17. Nhf3 Bd7 18. Nxe5 Bxe5 19. Nc6 Bxc6 20. dxc6 Rb8 21.
Qd3 h5 22. Re2 Qh4 23. f3 Kg7 24. Qd2 g5 25. Qe1 Qxe1+ 26. Raxe1 Kf6 27. Bd5 g4
28. h4 Rg8 29. Kh2 Rg7 30. a4 b4 31. cxb4 Rxb4 32. b3 a5 33. Rb1 Bd4 34. Rc2 Bf2
35. Rc4 Rb8 36. b4 gxf3 37. gxf3 Rbg8 38. Rc2 Bg1+ 39. Rxg1 Rxg1 40. bxa5 Ra1
41. Rb2 Rgg1 42. Rb7 Rgd1 43. Rb2 Rxa4 44. Bb3 Rb4 45. Bxd1 Rxb2+ 46. Kh3 Ra2
47. Bb3 Ra3 48. Bc4 Rxa5 49. Bd5 Rxd5 0-1

[Event "European Rapid 2015"]
[Site "Minsk BLR"]
[Date "2015.12.19"]
[Round "1.20"]
[White "Struneuski, Aliaksandr"]
[Black "Petrosian, Tigran L."]
[Result "0-1"]
[BlackTitle "GM"]
[WhiteElo "1936"]
[BlackElo "2625"]
[WhiteFideId "13505793"]
[BlackFideId "13301616"]
[EventDate "2015.12.19"]

1. Nf3 d5 2. d4 c6 3. c4 Nf6 4. e3 Bf5 5. Nc3 e6 6. cxd5 exd5 7. Bd3 Bg6 8. O-O
Bd6 9. a3 Nbd7 10. b4 O-O 11. b5 Ne4 12. Ne2 cxb5 13. Bxb5 a6 14. Bxd7 Qxd7 15.
a4 b5 16. Nf4 Bxf4 17. exf4 f6 18. Qb3 Rfc8 19. axb5 axb5 20. Rxa8 Rxa8 21. Ba3
Rc8 22. Bb4 Qc6 23. Nd2 Nxd2 24. Bxd2 Qc4 25. Qb2 Ra8 26. Rc1 Ra2 27. Qc3 Qxc3
28. Bxc3 Ra4 29. g4 Be4 30. Ra1 Rxa1+ 31. Bxa1 b4 32. Kf1 Bf3 33. g5 Kf7 34. Bb2
Kg6 35. gxf6 gxf6 36. Ke1 Kh5 37. Kd2 Kg4 38. Ke3 f5 39. h3+ Kxh3 40. Kxf3 h5
41. Bc1 h4 0-1

[Event "European Rapid 2015"]
[Site "Minsk BLR"]
[Date "2015.12.19"]
[Round "1.22"]
[White "Denisik, Sergei"]
[Black "Motylev, Alexander"]
[Result "0-1"]
[BlackTitle "GM"]
[WhiteElo "1947"]
[BlackElo "2653"]
[WhiteFideId "13511297"]
[BlackFideId "4121830"]
[EventDate "2015.12.19"]

1. e4 c5 2. Nf3 Nc6 3. c3 d5 4. exd5 Qxd5 5. d4 Bg4 6. Be2 e6 7. Be3 cxd4 8.
cxd4 Nf6 9. O-O Bd6 10. Nc3 Qa5 11. h3 Bf5 12. a3 O-O 13. Qa4 Qxa4 14. Nxa4 Rac8
15. Rac1 Nd5 16. Bd2 Nf4 17. Bb5 a6 18. Bxc6 Ne2+ 19. Kh1 Nxc1 20. Bxb7 Rc7 21.
Rxc1 Rxb7 22. Rc6 Be7 23. Rxa6 Bd3 24. Ra5 Bb5 25. Nc5 Rbb8 26. Bf4 Bd8 27. Ra7
Rc8 28. b4 Bc6 29. a4 Bxf3 30. gxf3 Bf6 31. Be5 Rfd8 32. a5 Bxe5 33. dxe5 Rb8
34. Rb7 Rxb7 35. Nxb7 Rd1+ 36. Kg2 Rb1 37. a6 Rxb4 38. Nc5 Rb5 39. Nb7 Rb6 40.
Nc5 Rc6 41. a7 Rc8 42. Ne4 Ra8 43. Nd6 Rxa7 44. f4 Ra3 45. f3 Kf8 46. Kg3 Ke7
47. Ne4 f6 48. Nd6 Ra5 49. Nc4 Rc5 50. exf6+ gxf6 51. Ne3 Rc3 52. Ng4 Kf7 53.
Nh6+ Kg6 54. Ng4 h5 55. Nf2 Kf5 56. Ne4 Rd3 57. Kh4 Rxf3 58. Ng3+ Kg6 59. Nxh5
f5 0-1

[Event "European Rapid 2015"]
[Site "Minsk BLR"]
[Date "2015.12.19"]
[Round "1.23"]
[White "Grachev, Boris"]
[Black "Khodas, Vikentsi"]
[Result "1-0"]
[WhiteTitle "GM"]
[WhiteElo "2652"]
[BlackElo "1926"]
[WhiteFideId "4129199"]
[BlackFideId "13506650"]
[EventDate "2015.12.19"]

1. d4 Nf6 2. Bf4 e6 3. e3 d5 4. Nd2 Bd6 5. Bg3 O-O 6. Bd3 c5 7. c3 Nc6 8. Ngf3
Re8 9. Ne5 Qc7 10. f4 c4 11. Bc2 b5 12. a3 a5 13. O-O Rb8 14. Bh4 Be7 15. Qf3 b4
16. axb4 axb4 17. Nxc6 Qxc6 18. Ba4 1-0

[Event "European Rapid 2015"]
[Site "Minsk BLR"]
[Date "2015.12.19"]
[Round "1.24"]
[White "Efanova, Tatiana"]
[Black "Milov, Vadim"]
[Result "0-1"]
[BlackTitle "GM"]
[WhiteElo "1907"]
[BlackElo "2615"]
[WhiteFideId "24117765"]
[BlackFideId "1304364"]
[EventDate "2015.12.19"]

1. e4 c5 2. Nc3 e6 3. g3 Nc6 4. Bg2 g6 5. Nge2 Bg7 6. O-O Nge7 7. d3 O-O 8. Be3
Nd4 9. f4 d5 10. Rb1 b6 11. g4 f5 12. gxf5 gxf5 13. e5 Nxe2+ 14. Nxe2 Ng6 15.
Ng3 Bd7 16. c3 Rc8 17. Rc1 Bb5 18. Rf2 Qh4 19. c4 d4 20. Bd2 Bc6 21. Qh5 Bh6 22.
Qxh4 Nxh4 23. Bxc6 Rxc6 24. Nh5 Kf7 25. Nf6 Ng6 26. h3 Rh8 27. Kh2 Bf8 28. Rg1
Be7 29. Nh5 a6 30. a4 Rb8 31. b3 b5 32. axb5 axb5 33. Rb1 bxc4 34. dxc4 Ra6 35.
Ng3 Ra3 36. b4 cxb4 37. Ne2 Bc5 38. Nc1 b3 39. Nd3 Be7 40. c5 Ra2 0-1

[Event "European Rapid 2015"]
[Site "Minsk BLR"]
[Date "2015.12.19"]
[Round "1.26"]
[White "Kurilo, Vladislav"]
[Black "Alekseev, Evgeny"]
[Result "0-1"]
[BlackTitle "GM"]
[WhiteElo "2160"]
[BlackElo "2642"]
[WhiteFideId "14136503"]
[BlackFideId "4138147"]
[EventDate "2015.12.19"]

1. e4 c5 2. c3 d5 3. exd5 Qxd5 4. d4 e6 5. Nf3 Nf6 6. Na3 Nc6 7. Be3 cxd4 8. Nb5
Qd8 9. Nbxd4 Nd5 10. Nxc6 bxc6 11. Bd4 f6 12. Qa4 Bd7 13. Qc2 e5 14. Be3 Nxe3
15. fxe3 Qb6 16. O-O-O Qxe3+ 17. Kb1 O-O-O 18. Ba6+ Kc7 19. Rd2 Be7 20. Rhd1 Qb6
21. Bd3 g6 22. h3 Be6 23. g4 Qa5 24. b3 Qc5 25. Be4 a5 26. Rxd8 Rxd8 27. Rxd8
Bxd8 28. Qd3 Be7 29. Nd2 Bf8 30. Kb2 Bh6 31. Qc2 f5 32. gxf5 gxf5 33. Bd3 Qf2
34. Bc4 Bd5 35. Bxd5 cxd5 36. Nb1 Qxc2+ 37. Kxc2 e4 38. Kd1 Kd6 39. Nd2 f4 40.
c4 f3 41. cxd5 Kxd5 42. Nc4 e3 43. Nxa5 e2+ 44. Ke1 Bg5 0-1

[Event "European Rapid 2015"]
[Site "Minsk BLR"]
[Date "2015.12.19"]
[Round "1.27"]
[White "Stupak, Kirill"]
[Black "Nesytov, Artyom"]
[Result "1-0"]
[WhiteTitle "GM"]
[WhiteElo "2542"]
[BlackElo "1923"]
[WhiteFideId "13503758"]
[BlackFideId "24109215"]
[EventDate "2015.12.19"]

1. d4 d5 2. Nf3 Nf6 3. c4 c6 4. Nc3 e6 5. g3 Bd6 6. Bg2 O-O 7. O-O Nbd7 8. Nd2
dxc4 9. Nxc4 Bc7 10. b3 e5 11. Ba3 Re8 12. Nd6 Bxd6 13. Bxd6 exd4 14. Qxd4 Nb6
15. e4 Be6 16. Rad1 Nc8 17. Be5 Qxd4 18. Bxd4 Nd7 19. f4 f6 20. Rd2 Ncb6 21. h3
a5 22. Rb1 Reb8 23. Be3 Kf8 24. Ne2 g6 25. Rbd1 Ke7 26. Nd4 Bf7 27. Bf1 a4 28.
b4 Rd8 29. Rc1 a3 30. Rc3 Ra4 31. Nc2 Bxa2 32. Rxa3 Rxa3 33. Nxa3 Be6 34. Kf2
Na4 35. Nc4 c5 36. b5 Bxc4 37. Bxc4 Ndb6 38. Rxd8 Kxd8 39. Bg8 h6 40. e5 fxe5
41. fxe5 g5 42. h4 gxh4 43. gxh4 c4 44. Bxh6 c3 45. h5 Nd7 46. Bg5+ Ke8 47. e6
Ne5 48. h6 c2 49. h7 Ng6 50. Bf7+ 1-0

[Event "European Rapid 2015"]
[Site "Minsk BLR"]
[Date "2015.12.19"]
[Round "1.29"]
[White "Bortnyk, Olexandr"]
[Black "Gorodetzky, Matan"]
[Result "1-0"]
[WhiteTitle "GM"]
[WhiteElo "2552"]
[BlackElo "1860"]
[WhiteFideId "14120828"]
[BlackFideId "2813394"]
[EventDate "2015.12.19"]

1. e4 e6 2. d4 d5 3. Nc3 Nf6 4. Bg5 Be7 5. e5 Nfd7 6. Bxe7 Qxe7 7. f4 O-O 8. Nf3
c5 9. Qd2 Nc6 10. O-O-O f6 11. exf6 Qxf6 12. g3 cxd4 13. Nxd4 Nc5 14. Bg2 Kh8
15. Rhe1 Bd7 16. Qe3 Nxd4 17. Rxd4 Rae8 18. h4 b6 19. h5 Nb7 20. g4 Nd6 21. b3
h6 22. g5 hxg5 23. fxg5 Qf2 24. Qe5 Nf5 25. Rg4 Qc5 26. h6 d4 27. hxg7+ Nxg7 28.
Qh2+ Kg8 29. Ne4 Qf5 30. g6 Nh5 31. Rh4 Qxg6 32. Rxh5 e5 33. Rg5 1-0

[Event "European Rapid 2015"]
[Site "Minsk BLR"]
[Date "2015.12.19"]
[Round "1.30"]
[White "Klachkou, Tsimafei"]
[Black "Sakaev, Konstantin"]
[Result "0-1"]
[BlackTitle "GM"]
[WhiteElo "1929"]
[BlackElo "2594"]
[WhiteFideId "13508717"]
[BlackFideId "4104226"]
[EventDate "2015.12.19"]

1. d4 Nf6 2. Nf3 e6 3. Bg5 h6 4. Bh4 d6 5. Nbd2 g5 6. Bg3 Nh5 7. e3 Bg7 8. Nb3
Nd7 9. Nfd2 Nxg3 10. hxg3 Qe7 11. Bd3 b6 12. Qf3 Rb8 13. Qc6 Qd8 14. e4 Bb7 15.
Qa4 a6 16. c3 c5 17. Be2 O-O 18. dxc5 dxc5 19. Nc1 Qc7 20. O-O Rfd8 21. Qc2 Nf6
22. f4 Qc6 23. Ncb3 Rd7 24. Rf2 Rbd8 25. e5 Nd5 26. Bf3 Qa4 27. c4 Nb4 28. Qc3
Rd3 29. Qc1 Bxf3 30. Rxf3 gxf4 31. gxf4 Rxf3 32. Nxf3 Nd3 33. Qc2 Nxf4 34. Qe4
Ng6 35. g4 Qd7 36. g5 Qd3 37. Qxd3 Rxd3 38. gxh6 Rxf3 39. hxg7 Nxe5 40. Kg2 Rd3
41. Rc1 Kxg7 42. Rc2 f5 43. Nc1 Rd4 44. b3 Ng4 45. Kf3 Kf6 46. Rc3 e5 47. Ne2
Rd2 48. Nc1 Rf2+ 49. Kg3 Kg5 0-1

[Event "European Rapid 2015"]
[Site "Minsk BLR"]
[Date "2015.12.19"]
[Round "1.34"]
[White "Ganichev, Aleksei"]
[Black "Azarov, Sergei"]
[Result "0-1"]
[BlackTitle "GM"]
[WhiteElo "1873"]
[BlackElo "2595"]
[WhiteFideId "13506013"]
[BlackFideId "13501470"]
[EventDate "2015.12.19"]

1. e4 e5 2. Nf3 Nc6 3. Bc4 Bc5 4. c3 Nf6 5. d4 exd4 6. cxd4 Bb4+ 7. Nc3 Nxe4 8.
O-O Nxc3 9. bxc3 d5 10. Re1+ Be7 11. Bxd5 Qxd5 12. c4 Qxc4 13. d5 O-O 14. dxc6
Bd6 15. Bb2 Qxc6 16. Qd4 f6 17. Rac1 Qb5 18. Qc3 Bd7 19. Nd4 Qd5 20. Rcd1 Qxa2
21. Nb3 Qa4 22. Nc5 Bxc5 23. Rxd7 Qxd7 24. Qxc5 Rfe8 25. Rc1 b6 26. Qc3 Rad8 27.
h3 c5 28. Qg3 Kh8 0-1

[Event "European Rapid 2015"]
[Site "Minsk BLR"]
[Date "2015.12.19"]
[Round "1.35"]
[White "Landa, Konstantin"]
[Black "Grigorian, Maksim"]
[Result "1-0"]
[WhiteTitle "GM"]
[WhiteElo "2625"]
[BlackElo "1887"]
[WhiteFideId "4101685"]
[BlackFideId "24129380"]
[EventDate "2015.12.19"]

1. d4 Nf6 2. Nf3 e6 3. c4 b6 4. g3 Bb7 5. Bg2 Be7 6. O-O O-O 7. Re1 c5 8. d5
exd5 9. Nh4 Ne4 10. cxd5 Bxh4 11. Bxe4 Bf6 12. Qc2 g6 13. Nc3 d6 14. Bg2 Nd7 15.
Ne4 Be7 16. Bh6 f5 17. Bxf8 Bxf8 18. Nc3 Qf6 19. f4 Bg7 20. e4 fxe4 21. Qxe4 Nf8
22. Rad1 Ba6 23. Qa4 Bb7 24. Ne4 Qd8 25. Re2 h6 26. Rde1 a6 27. Qc2 b5 28. Nc3
Bf6 29. h4 Bc8 30. Re8 1-0

[Event "European Rapid 2015"]
[Site "Minsk BLR"]
[Date "2015.12.19"]
[Round "1.36"]
[White "Ilyuchyk, Yana"]
[Black "Demidov, Mikhail"]
[Result "0-1"]
[BlackTitle "IM"]
[WhiteElo "1825"]
[BlackElo "2485"]
[WhiteFideId "13508407"]
[BlackFideId "4197143"]
[EventDate "2015.12.19"]

1. e4 e6 2. d3 d5 3. Nd2 c5 4. Ngf3 Nc6 5. g3 Nf6 6. Bg2 g6 7. O-O Bg7 8. Re1
O-O 9. Qe2 a5 10. Nf1 a4 11. a3 d4 12. Bf4 b5 13. e5 Nd5 14. Bg5 Qb6 15. h4 c4
16. N1h2 c3 17. Rab1 cxb2 18. Rxb2 Qc5 19. Qd2 Qxa3 20. Rxb5 Bd7 21. Rb7 Bc8 22.
Rbb1 Qc3 23. Ng4 Qxd2 24. Nxd2 h5 25. Nf6+ Bxf6 26. Bxf6 a3 27. Nc4 a2 28. Ra1
Ncb4 29. Rec1 Bd7 30. Bg5 Ra6 31. Bd2 Nc3 32. Kf1 Nbd5 33. Nd6 Rb8 34. Ne4 Nxe4
35. Bxe4 Nc3 36. Bxc3 dxc3 37. Ke2 Rb2 38. f4 Bc6 39. Bxc6 Rxc6 40. Ke1 Rcb6 41.
Ke2 Rb1 42. Kd1 Rxa1 0-1

[Event "European Rapid 2015"]
[Site "Minsk BLR"]
[Date "2015.12.19"]
[Round "1.38"]
[White "Ruban, Irina"]
[Black "Chigaev, Maksim"]
[Result "0-1"]
[BlackTitle "IM"]
[WhiteElo "1892"]
[BlackElo "2526"]
[WhiteFideId "14123142"]
[BlackFideId "4108116"]
[EventDate "2015.12.19"]

1. d4 Nf6 2. Nf3 g6 3. c4 Bg7 4. Nc3 O-O 5. e4 c6 6. Qc2 d6 7. h3 e5 8. Be3 exd4
9. Nxd4 Re8 10. O-O-O Qe7 11. Bd3 Na6 12. f3 Nb4 13. Qb1 Nxd3+ 14. Qxd3 Nd7 15.
Nde2 Ne5 16. Qxd6 Qxd6 17. Rxd6 Nxc4 18. Rd3 Nxe3 19. Rxe3 Be6 20. Kc2 a5 21.
Rd1 a4 22. Nd4 Bc4 23. b3 axb3+ 24. axb3 Ba6 25. f4 Rad8 26. Nce2 Rd7 27. Nf3
Rde7 28. Nd2 Bb5 29. Nc3 Ba6 30. Ne2 Ra8 31. Nc3 Rd8 32. Nf3 Rxd1 33. Nxd1 Bf1
34. Ne1 Bd4 35. Rg3 Rxe4 36. Nd3 Re2+ 37. Kc1 Rxg2 38. Rxg2 Bxg2 39. N1f2 h5 40.
b4 b6 41. Kc2 c5 42. bxc5 bxc5 43. Kb3 Bd5+ 44. Kc2 c4 0-1

[Event "European Rapid 2015"]
[Site "Minsk BLR"]
[Date "2015.12.19"]
[Round "1.39"]
[White "Goganov, Aleksey"]
[Black "Stsiapnou, Ihar"]
[Result "1-0"]
[WhiteTitle "GM"]
[WhiteElo "2597"]
[BlackElo "1881"]
[WhiteFideId "24109959"]
[BlackFideId "13514032"]
[EventDate "2015.12.19"]

1. e4 e6 2. d4 d5 3. Nc3 Nf6 4. e5 Nfd7 5. f4 c5 6. Nf3 Nc6 7. Be3 a6 8. Qd2 b5
9. dxc5 Nxc5 10. Nd4 Nxd4 11. Bxd4 b4 12. Nd1 Ne4 13. Qe3 Qc7 14. Bd3 Bb7 15.
O-O Bc5 16. Bxe4 Bxd4 17. Qxd4 dxe4 18. Qxb4 Rb8 19. Ne3 a5 20. Qa3 f5 21. exf6
gxf6 22. Rad1 Kf7 23. f5 Bc8 24. Rd6 Rb6 25. fxe6+ Bxe6 26. Rxf6+ Ke8 1-0

[Event "European Rapid 2015"]
[Site "Minsk BLR"]
[Date "2015.12.19"]
[Round "1.40"]
[White "Nazarian, Marina"]
[Black "Belous, Vladimir"]
[Result "0-1"]
[BlackTitle "GM"]
[WhiteElo "1879"]
[BlackElo "2557"]
[WhiteFideId "24146986"]
[BlackFideId "4174003"]
[EventDate "2015.12.19"]

1. d4 Nf6 2. c4 e6 3. Nc3 Bb4 4. Qc2 d5 5. e3 O-O 6. Bd3 c5 7. Ne2 dxc4 8. Bxc4
Nc6 9. dxc5 Ne5 10. Qb3 Qa5 11. O-O Qxc5 12. Qd1 0-1

[Event "European Rapid 2015"]
[Site "Minsk BLR"]
[Date "2015.12.19"]
[Round "1.41"]
[White "Andriasian, Zaven"]
[Black "Romanovskij, Nikita"]
[Result "1-0"]
[WhiteTitle "GM"]
[WhiteElo "2594"]
[BlackElo "1732"]
[WhiteFideId "13302000"]
[BlackFideId "13511556"]
[EventDate "2015.12.19"]

1. e4 c5 2. Nc3 e6 3. Nf3 Nc6 4. Bb5 Nge7 5. O-O g6 6. d4 cxd4 7. Nxd4 Bg7 8.
Be3 O-O 9. Qd2 Qc7 10. Rad1 Rd8 11. Nf3 d5 12. Bxc6 bxc6 13. e5 Ba6 14. Ne2 Nf5
15. Bg5 Rd7 16. Rfe1 h6 17. Bf6 Bxf6 18. exf6 Bxe2 19. Rxe2 Kh7 20. Ne5 Rdd8 21.
Qf4 c5 22. Nxg6 Qxf4 23. Nxf4 Rg8 24. c3 Nd6 25. Nd3 Rac8 26. Ne5 Ne4 27. Nxf7
Kg6 28. f3 Nxf6 29. Ne5+ Kf5 30. g4+ Kf4 31. Kg2 h5 32. h3 hxg4 33. hxg4 Kg5 34.
Rh1 d4 35. Kg3 dxc3 36. f4# 1-0

[Event "European Rapid 2015"]
[Site "Minsk BLR"]
[Date "2015.12.19"]
[Round "1.42"]
[White "Arlou, Valery"]
[Black "Rozum, Ivan"]
[Result "0-1"]
[BlackTitle "GM"]
[WhiteElo "1864"]
[BlackElo "2559"]
[WhiteFideId "13505475"]
[BlackFideId "24104272"]
[EventDate "2015.12.19"]

1. d4 Nf6 2. Nf3 g6 3. Bf4 Bg7 4. e3 d6 5. Bc4 O-O 6. h3 Nc6 7. Nbd2 Nd7 8. Bg5
Qe8 9. c3 e5 10. O-O Nb6 11. Bb3 Na5 12. Bc2 f5 13. Bh4 h6 14. Re1 Qf7 15. Qe2
e4 16. Nh2 Be6 17. f3 d5 18. f4 Rac8 19. Rac1 Nac4 20. b3 Nd6 21. Nhf1 c5 22.
Bb1 Rc7 23. a3 Rfc8 24. Rcd1 c4 25. b4 Nb5 26. Rc1 Na4 27. Qf2 Naxc3 28. Bc2
Nxa3 29. Nb1 Ncxb1 30. Bxb1 c3 31. Bc2 Qf8 32. b5 Nxb5 33. Qg3 Kh7 34. Qf2 Na3
35. Nh2 b5 36. g4 Nxc2 37. Rxc2 b4 38. Rb1 Rb7 39. Qe1 a5 40. Bf2 a4 41. Qc1 Rc4
42. Be1 Qc8 43. Nf1 fxg4 44. Ng3 gxh3 45. Kh2 Rbc7 46. f5 Bxf5 47. Nxf5 Qxf5 48.
Rf2 Qg4 49. Ra1 b3 50. Qa3 b2 51. Rb1 c2 52. Qxb2 cxb1=Q 53. Qxb1 Rc1 0-1

[Event "European Rapid 2015"]
[Site "Minsk BLR"]
[Date "2015.12.19"]
[Round "1.43"]
[White "Romanov, Evgeny"]
[Black "Shakirova, Renata"]
[Result "1-0"]
[WhiteTitle "GM"]
[WhiteElo "2590"]
[BlackElo "1902"]
[WhiteFideId "4148843"]
[BlackFideId "24172049"]
[EventDate "2015.12.19"]

1. d4 Nf6 2. Nf3 b6 3. g3 Bb7 4. Bg2 c5 5. dxc5 bxc5 6. c4 e6 7. O-O Be7 8. Nc3
a6 9. Bf4 d6 10. Qd2 O-O 11. Rfd1 e5 12. Bg5 Nbd7 13. Nxe5 Nxe5 14. Bxb7 Nxc4
15. Qc2 Rb8 16. Bxa6 Ne5 17. Bd3 h6 18. Bf4 Nc6 19. b3 Nd4 20. Qd2 Ne6 21. Bc4
Nxf4 22. Qxf4 Qa5 23. Rd3 Rfd8 24. Rad1 Bf8 25. Ne4 Nxe4 26. Qxf7+ Kh7 27. Qf5+
g6 28. Qxe4 Qxa2 29. Bf7 Bg7 30. Rxd6 1-0

[Event "European Rapid 2015"]
[Site "Minsk BLR"]
[Date "2015.12.19"]
[Round "1.45"]
[White "Mikhalevski, Victor"]
[Black "Chan, Naruna"]
[Result "1-0"]
[WhiteTitle "GM"]
[WhiteElo "2535"]
[BlackElo "1939"]
[WhiteFideId "2801914"]
[BlackFideId "24124290"]
[EventDate "2015.12.19"]

1. d4 f5 2. g3 Nf6 3. Bg2 d6 4. Nf3 g6 5. c4 Bg7 6. O-O O-O 7. Nc3 c6 8. d5 e5
9. dxe6 Bxe6 10. b3 Ne4 11. Nxe4 Bxa1 12. Bg5 Qc7 13. Qxa1 fxe4 14. Nd4 Bf5 15.
Bh6 Rf7 16. h3 Na6 17. g4 Bd7 18. Bxe4 Nc5 19. Bg2 Re8 20. Qc1 Ne4 21. Qc2 Nf6
22. Bc1 Rfe7 23. e3 Bc8 24. Bb2 Ne4 25. Ne2 Qa5 26. Ba1 Qc5 27. Qb2 Qe5 28. Qxe5
Rxe5 29. Bxe5 Rxe5 30. Rd1 d5 31. Bxe4 Rxe4 32. cxd5 cxd5 33. Rxd5 Kf7 34. Rc5
Re8 35. Rc7+ Kg8 36. Nf4 Rd8 37. e4 a6 38. Nd5 1-0

[Event "European Rapid 2015"]
[Site "Minsk BLR"]
[Date "2015.12.19"]
[Round "1.47"]
[White "Harutjunyan, Gevorg"]
[Black "Timoshin, Andrei"]
[Result "1-0"]
[WhiteTitle "GM"]
[WhiteElo "2436"]
[BlackElo "1758"]
[WhiteFideId "13300873"]
[BlackFideId "4503503"]
[EventDate "2015.12.19"]

1. Nf3 d5 2. g3 Nf6 3. Bg2 c5 4. O-O g6 5. c3 Bg7 6. d3 Nc6 7. Qa4 O-O 8. Qh4
Re8 9. e4 e5 10. Bg5 Qd6 11. Nbd2 d4 12. Nc4 Qe6 13. cxd4 cxd4 14. b4 b5 15.
Ncxe5 Nxe5 16. Nxe5 Qxe5 17. f4 Qe6 18. f5 Qe5 19. fxg6 hxg6 20. Bxf6 Bxf6 21.
Rxf6 Kg7 22. Rc6 Rh8 23. Qf4 Qxf4 24. gxf4 Bb7 25. Rc7 Rab8 26. Rac1 Rh4 27.
R1c5 a6 28. f5 Rhh8 29. f6+ Kxf6 30. e5+ Ke6 31. Bxb7 1-0

[Event "European Rapid 2015"]
[Site "Minsk BLR"]
[Date "2015.12.19"]
[Round "1.48"]
[White "Prigodin, Ruslan"]
[Black "Kryakvin, Dmitry"]
[Result "0-1"]
[BlackTitle "GM"]
[WhiteElo "1975"]
[BlackElo "2529"]
[WhiteFideId "12801550"]
[BlackFideId "4153278"]
[EventDate "2015.12.19"]

1. d4 Nf6 2. c4 g6 3. Nc3 Bg7 4. e4 O-O 5. Nf3 d6 6. Be2 e5 7. d5 a5 8. Bg5 Na6
9. Nd2 h6 10. Bh4 Bd7 11. Bxf6 Qxf6 12. Bg4 Be8 13. O-O h5 14. Bh3 Bh6 15. Qe2
Qg7 16. Nf3 Nc5 17. g3 f5 18. exf5 gxf5 19. Nh4 Qg5 20. f4 exf4 21. Rxf4 Bd7 22.
Raf1 Rae8 23. Qc2 Qf6 24. Bxf5 Bxf4 25. Bh7+ Kg7 26. Rxf4 Qg5 27. Ne4 Nxe4 28.
Rxe4 Rxe4 29. Bxe4 Bh3 30. Nf3 Qe3+ 0-1